Central Library OPAC University of Rajshahi

زاد المعاد في هدى خير العباد :[zad almuead fi hudaa khayr aleabad :] (Record no. 79707)

MARC details
000 -LEADER
fixed length control field 00998nam a2200229 a 4500
001 - CONTROL NUMBER
control field 79707
003 - CONTROL NUMBER IDENTIFIER
rucl marc code BD-RjUL
005 - DATE AND TIME OF LATEST TRANSACTION
control field 20220417145303.0
008 - FIXED-LENGTH DATA ELEMENTS--GENERAL INFORMATION
fixed length control field 220417s1972 le 000 0 ara d
035 ## - SYSTEM CONTROL NUMBER
System control number (BD-RjUL)79707
040 ## - CATALOGING SOURCE
Original cataloging agency BAR
Language of cataloging eng
Transcribing agency BD-RjUL
041 ## - LANGUAGE CODE
Language code of text/sound track or separate title ara
082 ## - DEWEY DECIMAL CLASSIFICATION NUMBER
Classification number 297.125
Author mark and year IBZ 1972
100 1# - MAIN ENTRY--PERSONAL NAME
Personal name ابن قيم الجوزية، محمد بن ابي بكر،[Ibn Qayyim al-Jawziyya, Muhammad ibn Abi Bakr]
Dates associated with a name 1292-1350
9 (RLIN) 2501
245 10 - TITLE STATEMENT
Title زاد المعاد في هدى خير العباد :[zad almuead fi hudaa khayr aleabad :]
Remainder of title محمد حاتم النبيين وامام المرسلين.[muhamad hatim alnabiiyn wamam almursalina.] /
Statement of responsibility, etc. Ibn Qayyim al-Jawziyya
260 ## - PUBLICATION, DISTRIBUTION, ETC. (IMPRINT)
Place of publication, distribution, etc. بيروت :
Name of publisher, distributor, etc. المؤسسة العربية للطباعة والنشر،
Date of publication, distribution, etc. [1972].
300 ## - PHYSICAL DESCRIPTION
Pagination 4 ج. في 1 م.
600 04 - SUBJECT ADDED ENTRY--PERSONAL NAME
Personal name Muhammad,
Titles and other words associated with a name Prophet,
Dates associated with a name -632.
650 #4 - SUBJECT ADDED ENTRY--TOPICAL TERM
Topical term or geographic name as entry element Hadith
Form subdivision Early works to 1800
9 (RLIN) 2502
Topical term or geographic name as entry element Islam
General subdivision Customs and practices
Form subdivision Early works to 1800.
9 (RLIN) 2503
942 ## - ADDED ENTRY ELEMENTS (KOHA)
Source of classification or shelving scheme Dewey Decimal Classification
Koha item type Books
Holdings
Lost status Source of classification or shelving scheme Damaged status Not for loan Collection code Permanent Location Current Location Shelving location Date acquired Source of acquisition Total Checkouts Full call number Date last seen Copy number Koha item type
  Dewey Decimal Classification   Not For Loan Non-fiction Central Library, University of Rajshahi Central Library, University of Rajshahi Reading Room 14/08/1983 Aftab ahmed, Arabic RU   A 297.125 IBZ V-1 1972 17/04/2022 C-1 Books